| 000 | 00674cam a2200265 4500 | ||
|---|---|---|---|
| 003 | data | ||
| 005 | 20260322212003.0 | ||
| 008 | data | ||
| 010 | _a73003095 //r82 | ||
| 019 | _a878678 | ||
| 020 | _a0816160953 | ||
| 020 | _a9780816160952 | ||
| 040 |
_aDLC _cDLC _dODC _dODC |
||
| 043 | _ae-uk-en | ||
| 050 | 1 |
_aSF613.H44 _bA28 1973 |
|
| 100 | 1 | _aHerriot, James. | |
| 245 | 1 | 0 |
_aAll creatures great and small. _cJames Herriot. |
| 260 |
_aBoston, _bG. K. Hall, _c1973 [c1972] |
||
| 300 |
_a497 p. _c25 cm. |
||
| 500 | _aLarge print ed. | ||
| 600 | 1 | 0 | _aHerriot, James. |
| 650 | 0 |
_aVeterinarians _zYorkshire _zYorkshire _xBiography. |
|
| 650 | 0 | _aLarge type books. | |
| 001 | data | ||
| 999 |
_c23 _d23 |
||